Quiz Cultura Generale - Quiz n°98 - Statistics

Statistiche generali
  • Questo quiz è stato fatto 126 volte
  • Il punteggio medio è 9 su 15
Statistiche sulle risposte
Domanda Risposta % Corretto
Qual è l'unico giorno della settimana senza la lettera "E"? Sabato
98%
In quale città si trova l'aeroporto "Falcone e Borsellino"? Palermo
89%
Quale malattia viene trasmesse delle zanzare del genere Anopheles? Malaria
78%
Quanti atomi di carbonio sono presenti in una molecola di glucosio? 6
75%
Qual è lo stato con più abitanti del sud-est asiatico? Indonesia
70%
Quale squadra italiana ha vinto più scudetti dal 1898 al 1929, anno di introduzione del girone unico? Genoa
67%
Chi ha diretto il film "Pulp Fiction"? Quentin Tarantino
66%
Chi ha vinto il Pallone d'Oro 2024? Rodri
65%
Chi canta il brano "Centro di gravità permanente"? Franco Battiato
62%
Chi è stato Presidente della Repubblica Socialista Federale di Jugoslavia dal 1953 al 1980? Josip Broz Tito
57%
Qual è il paese che produce più olio al mondo? Spagna
55%
Quale esploratore inglese realizzò il primo contatto europeo con le coste dell'Australia? James Cook
52%
Chi era il dio del fuoco per gli antichi greci? Efesto
41%
Chi ha composto l'opera "Guglielmo Tell"? Gioachino Rossini
18%
Qual è l'unità di misura del Flusso del campo magnetico? Weber
6%
Nessun quiz corrispondente trovato
Distribuzione punteggi
Percentuale di utenti per punteggio
Percentile per numero di risposta
I tuoi punteggi nel tempo
Non hai fatto questo quiz